000 00557nam a2200181Ia 4500
001 11191
005 20260306161928.0
008 260306t2014||||xx |||||||||||||| ||spa||
041 _aESP
082 _a985.013
_bD18
100 _aDalen Luna, Pieter D. van,
_eAUT
245 0 _aApuntes para el estudio de la arqueología e historia de la comunidad campesina de San José de Baños, distrito de Atavillos Alto, provincia de Huaral
260 _c2014
300 _a212 páginas :
_c21 cm.
650 _aGEN
654 _aCHU
942 _cLIB
_dJUS
_fJUS
_2ddc
_n
999 _c11191
_d11191